00381 a2200121 450000100060000010000140000624500610002026000360008109000170011794200220013499900190015695200840017515167 aMiller D athe fundamental principles practice of technical drawing aLondonbThe grant educationalc c11911d11911 aNUST-CAEcMc2127 c250240d250240 001040708NFICaCAEbCAEd2017-04-03l0pCAE34181r2017-04-05w2017-04-05yBK